Responses for show #7923 - Wednesday, February 6, 2019

Contestants

[<< previous game]

Bif Reiser, a mathematician from Portland, Oregon

Bryan Coyle, a high school English teacher from Minneapolis, Minnesota

Will Dawson, a tour guide from Washington, D.C. (whose 3-day cash winnings total $70,601)

[next game >>]

Jeopardy! Round responses

APPLE PIE ORDER
HISTORIC FAMILIES
MEASURE FOR MEASURE
MOVIE QUOTES
WHAT WE HAVE HERE
FAILURE TO COMMUNICATE
    $200 17
à la mode

Bryan
    $200 6
the Kennedys

Will
    $200 9
a long ton

Bif
    $200 1
Groundhog Day

Bryan
    $200 14
nickel

Will
    $200 22
gibber

Bryan
    $400 18
McDonald's

Will
    $400 7
the Medicis

Bryan
    $1,000 10
90

Bif
    $400 2
The Big Lebowski

Will
    $400 25
Nepal

Bryan
    $400 23
Babel/babble

Bryan
    $600 19
mock apple pie

Triple Stumper
    $600 8
Genghis Khan

Bif
    $600 11
a liter

Bif
    $600 3
Gladiator

Will
    $600 28
pumice

Bif
    $600 24
mumbo-jumbo

Will
    $800 20
apple brown betty

Bryan
    $800 15
Sam Adams

Will
    $800 12
32

Bif
    $800 4
Get Out

Will
    $800 29
diamonds

Triple Stumper
    $800 26
speaking in tongues

Bryan
    $1000 21
Dutch apple pie

Will
    $1000 16
the Hapsburgs

Bif
    $1000 13
grains

Bif
    $1000 5
This is Spinal Tap

Will
    $1000 30
Nicaragua

Bif
    $1000 27
garbled

Bif

Scores at the first commercial break (after clue 15):

Will Bryan Bif
$4,000 $600 $4,200

Scores at the end of the Jeopardy! Round:

Will Bryan Bif
$6,000 $3,400 $7,800

Double Jeopardy! Round responses

WWF
(Alex: The World Wildlife Fund.)
INDEPENDENT BOOKSTORES
GOOD FELLOWS
WOMEN OF THE BIBLE
NAME THE COMPOSER
"SOCK" IT TO ME
    $400 7
the Himalayas

Will
    $400 11
New York

Bryan
    $400 1
bedfellows

Bryan
    $400 27
the Queen of Sheba

Will
    $400 4
(Andrew Lloyd) Webber

Will
    $400 25
a sock puppet

Bryan
    $800 19
elephants

Bif
    $800 12
Oxford

Bif
    $3,000 2
(Alex: Bryan?)
(Bryan: What is the Snickers speech?)
...
(Bryan: I knew it was the dog, sorry.)
(Alex: But his dog was not called Snickers. That's what I had for breakfast.)

the Checkers speech

Bryan
    $800 26
Mary

Bif
    $800 5
(John) Williams

Bryan
    $6,000 23
a cassock

Bryan
    $1200 14
Tasmanian devils

Will
    $1200 16
City Lights

Bryan
    $1200 3
the Russian Revolution

Will
    $1200 28
Purim

Bryan
    $1200 8
Scott Joplin

Will
    $1200 22
(Will: What is Fox on Socks?)

Fox in Socks

WillBryan
    $1600 13
tigers

Bif
    $1600 17
Cambridge

Bif
    $1600 6
the Royal Society

Bif
    $1600 29
Samuel

Bif
    $1600 9
Diane Warren

Will
    $1600 21
a sockeye

Bif
    $2000 20
the Marianas Trench

Bryan
    $2000 18
Powell's

Bif
    $2000 15
Michael Collins

Will
    $2000 30
(Will: Who is John the Baptist?)

Peter

Will
Triple Stumper
    $2000 10
Danny Elfman

Will
    $2000 24
Woonsocket

Triple Stumper

Scores at the end of the Double Jeopardy! Round:

Will Bryan Bif
$13,200 $14,000 $20,200

[wagering suggestions for these scores]

Final Jeopardy! Round responses

INTERNATIONAL BORDERS
WillWhat is Poland
$13,200
BryanWhat is Estonia?
$13,500
BifWhat is Sweden
$7,801
Sweden

Final scores:

Will Bryan Bif
$0 $500 $28,001
3rd place: $1,000 2nd place: $2,000 New champion: $28,001

Game dynamics:

Coryat scores:

Will Bryan Bif
$13,200 $11,800 $19,600
19 R,
2 W
17 R
(including 1 DD),
1 W
(including 1 DD)
19 R
(including 1 DD),
0 W

Combined Coryat: $44,600

The J! Archive is created by fans, for fans. The Jeopardy! game show and all elements thereof, including but not limited to copyright and trademark thereto, are the property of Jeopardy Productions, Inc. and are protected under law. This website is not affiliated with, sponsored by, or operated by Jeopardy Productions, Inc. Join the discussion at JBoard.tv.